Electrónica física del estado sólido... / (Record no. 125583)

MARC details
000 -LEADER
campo de control de longitud fija 00642nam a2200193 i 4500
001 - NÚMERO DE CONTROL
campo de control 125583
003 - IDENTIFICADOR DE NÚMERO DE CONTROL
campo de control ES-MaACL
005 - FECHA Y HORA DE LA ÚLTIMA TRANSACCIÓN
campo de control 20250830094923.0
007 - CAMPO FIJO DE DESCRIPCIÓN FÍSICA--INFORMACIÓN GENERAL
campo de control de longitud fija t|
008 - DATOS DE LONGITUD FIJA--INFORMACIÓN GENERAL
campo de control de longitud fija 070619q1972 sp ||||1| spa d
100 1# - ENTRADA PRINCIPAL--NOMBRE DE PERSONA
Nombre de persona Ziel, Adert van der.
9 (RLIN) 118242
245 10 - MENCIÓN DEL TÍTULO
Título Electrónica física del estado sólido... /
Mención de responsabilidad, etc. Aldert van der Ziel ; traducción y adaptación Juan L. Hernández Sánchez.
260 ## - PUBLICACIÓN, DISTRIBUCIÓN, ETC.
Lugar de publicación, distribución, etc. Madrid :
Nombre del editor, distribuidor, etc. Prentice Hall,
Fecha de publicación, distribución, etc. [1972]
300 ## - DESCRIPCIÓN FÍSICA
Extensión 664 p. ;
Dimensiones 24 cm.
650 17 - PUNTO DE ACCESO ADICIONAL DE MATERIA--TÉRMINO DE MATERIA
Término de materia o nombre geográfico como elemento de entrada Electrónica del estado sólido
Fuente del encabezamiento o término embne
9 (RLIN) 12166
700 1# - ENTRADA AGREGADA--NOMBRE PERSONAL
Nombre de persona Hernández Sánchez, Juan L.
9 (RLIN) 63051
852 ## - LOCALIZACIÓN
Ubicación ES-MaACL
Número de control de estantería E-7639
Holdings
Estatus retirado Estado de pérdida Estado de daño No para préstamo Biblioteca de origen Biblioteca actual Ubicación en estantería Fecha de adquisición Fuente de adquisición Total de préstamos Signatura topográfica completa Código de barras Visto por última vez Precio de reemplazo Tipo de ítem Koha
        Biblioteca del Ateneo de Madrid Biblioteca del Ateneo de Madrid Depósito 2 17/01/2008     E-7639 1130822 23/02/2023 23/02/2023 Libro impreso